000 00553nam a22001817a 4500
005 20251108164149.0
008 250721s2000 xx 000 0 ara d
082 1 4 _a211.54/حلف
100 1 _aالحلفي، كاطع نعمة
245 1 0 _aالمعجم الوسيط الترجمان في مفردات القرآن /
264 1 _aعمان :
_bدائرة المكتبة الوطنية،
_c2000.
300 _a193ص
650 1 7 _aالقرآن
650 1 7 _aالمفردات
650 1 7 _aعلم المعاجم
942 _2ddc
_cBK
999 _c5240
_d5240